The Building Regulations 1991 : ventilation. Approved Document F (Record no. 102689)
[ view plain ]
| 000 -LEADER | |
|---|---|
| fixed length control field | 01025cam a2200301 4500 |
| 001 - CONTROL NUMBER | |
| control field | L011752932 |
| 008 - FIXED-LENGTH DATA ELEMENTS--GENERAL INFORMATION | |
| fixed length control field | 030317n1995 000 0 eng u |
| 020 ## - INTERNATIONAL STANDARD BOOK NUMBER | |
| International Standard Book Number | 011752932X |
| 035 ## - SYSTEM CONTROL NUMBER | |
| System control number | (Sirsi) u121638 |
| 050 ## - LIBRARY OF CONGRESS CALL NUMBER | |
| Classification number | 692.2 |
| -- | 18 |
| 110 ## - MAIN ENTRY--CORPORATE NAME | |
| Corporate name or jurisdiction name as entry element | United Kingdom |
| Subordinate unit | Department of the Environment |
| 9 (RLIN) | 982 |
| 240 ## - UNIFORM TITLE | |
| Uniform title | Approved Document F |
| 240 ## - UNIFORM TITLE | |
| Uniform title | Part F |
| 245 #4 - TITLE STATEMENT | |
| Title | The Building Regulations 1991 : ventilation. Approved Document F |
| 250 ## - EDITION STATEMENT | |
| Edition statement | 1995 ed. |
| 260 ## - PUBLICATION, DISTRIBUTION, ETC. | |
| Place of publication, distribution, etc. | London |
| Name of publisher, distributor, etc. | TSO |
| Date of publication, distribution, etc. | 1995 |
| 505 ## - FORMATTED CONTENTS NOTE | |
| Formatted contents note | F1 : means of ventilation |
| 505 ## - FORMATTED CONTENTS NOTE | |
| Formatted contents note | F2 : condensation in roofs |
| 520 ## - SUMMARY, ETC. | |
| Summary, etc. | Coming into effect 1 July 1995. View at www.dclg.gov.uk. |
| 650 ## - SUBJECT ADDED ENTRY--TOPICAL TERM | |
| Topical term or geographic name entry element | BUILDING REGULATIONS 1991 |
| 650 ## - SUBJECT ADDED ENTRY--TOPICAL TERM | |
| Topical term or geographic name entry element | BUILDING REGULATIONS 1991 APPROVED DOCUMENT F (1995 EDITION) |
| 650 ## - SUBJECT ADDED ENTRY--TOPICAL TERM | |
| Topical term or geographic name entry element | CONDENSATION |
| 650 ## - SUBJECT ADDED ENTRY--TOPICAL TERM | |
| Topical term or geographic name entry element | BUILT ENVIRONMENT-BUILDING ELEMENTS-COMPLETE BUILDING ELEMENTS-ROOFS |
| 650 ## - SUBJECT ADDED ENTRY--TOPICAL TERM | |
| Topical term or geographic name entry element | VENTILATION |
| 690 ## - LOCAL SUBJECT ADDED ENTRY--TOPICAL TERM (OCLC, RLIN) | |
| Topical term or geographic name as entry element | BUILT ENVIRONMENT-BUILDING STANDARDS |
| 710 ## - ADDED ENTRY--CORPORATE NAME | |
| Corporate name or jurisdiction name as entry element | United Kingdom |
| Subordinate unit | Welsh Office |
| 9 (RLIN) | 1214 |
| 942 ## - ADDED ENTRY ELEMENTS (KOHA) | |
| Suppress in OPAC | 0 |
| Withdrawn status | Lost status | Source of classification or shelving scheme | Damaged status | Not for loan | Home library | Current library | Shelving location | Date acquired | Total Checkouts | Full call number | Barcode | Date last seen | Copy number | Price effective from | Koha item type |
|---|---|---|---|---|---|---|---|---|---|---|---|---|---|---|---|
| Dewey Decimal Classification | Virtual | Virtual | Online | 17/03/2003 | ONLINE PUBLICATION | 121638-2001 | 06/08/2019 | 1 | 06/08/2019 | Book |